000 00564nam a2200217Ia 4500
005 20241129110038.0
008 241129s9999||||xx |||||||||||||| ||und||
020 _a978-600-6635-11-8
037 _aTB
040 _aARTS
_beng
_cARTS
041 _aeng
_2per
084 _aO164,1x Q5
_qARTS
100 _aShanqi Hamid Safedgar Au.
_9727031
245 0 _aShahid-e-Sher
_cShanqi Hamid Safedgar Au.
260 _c2005
300 _a631p.
365 _aINR
_b2200
650 _aPersian Poetry
942 _cTB
_hO164,1x Q5
999 _c1227122
_d1227122